Statistics for The Walking Dead Quiz

Click here to take the quiz!

General Stats

  • This quiz has been taken 880 times
    (846 since last reset)
  • The average score is 14 of 15

Answer Stats

HintAnswer% Correct
Who Is The Main Star?Rick Grimes
100%
What Are Their Names?Carl And Jude
99%
Who Is (Was) His Wife?Lori Grimes
99%
How Many Children Do They Have?Two
98%
What Do They All Call The Zombies?Walkers
98%
Who Is His Oldest Daughter?Maggie Greene
97%
Who Is Maggie's Sister?Beth Greene
95%
Who Did They Meet And He Took Them In?Hershel Greene
95%
Who Had A Relationship With The Governor?Andrea
94%
Who Helped Andrea After They Left The Barn?Michonne
93%
Who Killed The Governor?Michonne
93%
Where Was The Second Place They All Stayed?Jail
88%
What Is The Name Of The Place They Attacked?Woodbury
85%
Who Is The Leader Of Woodbury?The Governor
81%
What Is The Name Of The Place That Everybody Is Invited To?Terminus
68%

Score Distribution

Percentile by Number Answered

Percent of People with Each Score

Your Score History

You have not taken this quiz since the last reset